<?xml version="1.0" encoding="UTF-8"?>
<record
    xmlns:xsi="http://www.w3.org/2001/XMLSchema-instance"
    xsi:schemaLocation="http://www.loc.gov/MARC21/slim http://www.loc.gov/standards/marcxml/schema/MARC21slim.xsd"
    xmlns="http://www.loc.gov/MARC21/slim">

  <leader>00957nam a2200253 a 4500</leader>
  <controlfield tag="001">71602</controlfield>
  <controlfield tag="003">BD-RjUL</controlfield>
  <controlfield tag="005">20211209082132.0</controlfield>
  <controlfield tag="008">170506s1965    bg a|||| |||| 000 0 ben d</controlfield>
  <datafield tag="020" ind1=" " ind2=" ">
    <subfield code="c">: Tk. 1.00</subfield>
  </datafield>
  <datafield tag="035" ind1=" " ind2=" ">
    <subfield code="a">(BD-RjUL)71818</subfield>
  </datafield>
  <datafield tag="040" ind1=" " ind2=" ">
    <subfield code="a">BD-RjUL</subfield>
    <subfield code="b">ben</subfield>
    <subfield code="c">BD-RjUL</subfield>
    <subfield code="d">BD-RjUL</subfield>
  </datafield>
  <datafield tag="041" ind1=" " ind2=" ">
    <subfield code="a">ben</subfield>
  </datafield>
  <datafield tag="082" ind1=" " ind2=" ">
    <subfield code="2">23</subfield>
    <subfield code="a">629.47</subfield>
    <subfield code="b">HAM 1965</subfield>
  </datafield>
  <datafield tag="100" ind1="1" ind2=" ">
    <subfield code="a">&#x9B9;&#x9CD;&#x9AF;&#x9BE;&#x997;&#x9BE;&#x9B0;&#x9CD;&#x99F;&#x9BF;, &#x99C;&#x9C7;&#x9AE;&#x9B8; &#x99C;&#x9C7;.</subfield>
    <subfield code="9">211874</subfield>
  </datafield>
  <datafield tag="245" ind1="1" ind2="0">
    <subfield code="a">&#x9AE;&#x9B9;&#x9BE;&#x995;&#x9BE;&#x9B6;&#x9C7;&#x9B0; &#x9AF;&#x9BE;&#x9A4;&#x9CD;&#x9B0;&#x9C0; /</subfield>
    <subfield code="c">&#x99C;&#x9C7;&#x9AE;&#x9B8; &#x99C;&#x9C7;. &#x9B9;&#x9CD;&#x9AF;&#x9BE;&#x997;&#x9BE;&#x9B0;&#x9CD;&#x99F;&#x9BF; ; &#x986;&#x9AE;&#x9BF;&#x9A8;&#x9C1;&#x9B2; &#x9B9;&#x995;-&#x985;&#x9A8;&#x9C1;&#x9AC;&#x9BE;&#x9A6;&#x995;</subfield>
  </datafield>
  <datafield tag="250" ind1=" " ind2=" ">
    <subfield code="a">&#x9E7;&#x9AE; &#x9B8;&#x982;.</subfield>
  </datafield>
  <datafield tag="260" ind1=" " ind2=" ">
    <subfield code="a">&#x9A2;&#x9BE;&#x995;&#x9BE; :</subfield>
    <subfield code="b">&#x9B8;&#x9CD;&#x99F;&#x9C1;&#x9A1;&#x9C7;&#x9A3;&#x9CD;&#x99F; &#x993;&#x9AF;&#x9BC;&#x9C7;&#x99C;,</subfield>
    <subfield code="c">&#x9E7;&#x9EF;&#x9EC;&#x9EB; [&#x9E7;&#x9E9;&#x9ED;&#x9E8;]</subfield>
  </datafield>
  <datafield tag="300" ind1=" " ind2=" ">
    <subfield code="a">&#x9E7;&#x9EB;&#x9EC; &#x9AA;&#x9C3;. :</subfield>
    <subfield code="b">&#x99A;&#x9BF;&#x9A4;&#x9CD;&#x9B0;. ;</subfield>
    <subfield code="c">&#x9E7;&#x9ED; &#x9B8;&#x9C7;&#x9AE;&#x9BF;.</subfield>
  </datafield>
  <datafield tag="650" ind1=" " ind2=" ">
    <subfield code="a">&#x9AE;&#x9B9;&#x9BE;&#x995;&#x9BE;&#x9B6;&#x9AF;&#x9BE;&#x9A8;</subfield>
    <subfield code="9">211875</subfield>
  </datafield>
  <datafield tag="650" ind1=" " ind2=" ">
    <subfield code="a">Spacecraft</subfield>
    <subfield code="9">211876</subfield>
  </datafield>
  <datafield tag="700" ind1=" " ind2=" ">
    <subfield code="a">&#x9B9;&#x995;, &#x986;&#x9AE;&#x9BF;&#x9A8;&#x9C1;&#x9B2; </subfield>
    <subfield code="9">211877</subfield>
  </datafield>
  <datafield tag="942" ind1=" " ind2=" ">
    <subfield code="2">ddc</subfield>
    <subfield code="c">BK</subfield>
  </datafield>
  <datafield tag="999" ind1=" " ind2=" ">
    <subfield code="c">71602</subfield>
    <subfield code="d">71602</subfield>
  </datafield>
  <datafield tag="952" ind1=" " ind2=" ">
    <subfield code="0">0</subfield>
    <subfield code="1">0</subfield>
    <subfield code="2">ddc</subfield>
    <subfield code="4">0</subfield>
    <subfield code="7">1</subfield>
    <subfield code="8">NFIC</subfield>
    <subfield code="a">RUCL</subfield>
    <subfield code="b">RUCL</subfield>
    <subfield code="c">Reading</subfield>
    <subfield code="d">1967-04-20</subfield>
    <subfield code="e">U. S. Govt.</subfield>
    <subfield code="g">0.00</subfield>
    <subfield code="l">0</subfield>
    <subfield code="o">B 629.47 HAM 1965</subfield>
    <subfield code="r">2017-05-06 00:00:00</subfield>
    <subfield code="t">C-1</subfield>
    <subfield code="w">2017-05-06</subfield>
    <subfield code="y">BK</subfield>
  </datafield>
</record>
